O senhor do tempo (Record no. 150836)

MARC details
000 -LÍDER
campo de controle de tamanho fixo 00333 a2200157 4500
001 - NÚMERO DE CONTROLE
campo de controle 150836
040 ## - FONTE DA CATALOGAÇÃO
Instituição que transcreveu o registro Escola São Tomás de Aquino
100 ## - ENTRADA PRINCIPAL--NOME PESSOAL
Nome pessoal PÓVOA, Liberato
240 10 - TÍTULO UNIFORME
Título uniforme O senhor do tempo
Idioma da obra por
245 10 - TÍTULO
Título O senhor do tempo
300 ## - DESCRIÇÃO FÍSICA
Extensão 56
362 0# - DATAS DE PUBLICAÇÃO E/OU DESIGNAÇÃO SEQUENCIAL
Datas de publicação e/ou designação sequencial 1997
440 #1 - DECLARAÇÃO DE SÉRIE/ENTRADA ADICIONADA--TÍTULO
Título
697 ## - ENTRADA DE ASSUNTO LOCAL--ENTIDADE COLETIVA (RLIN)
Nome corporativo ou nome da jurisdição Psicologia
942 ## - ELEMENTOS DE ENTRADA ADICIONADOS (KOHA)
Tipo de material Koha Livros
Holdings
Situação do descarte Situação das perdas Situação física Não pode ser emprestado Biblioteca de origem Biblioteca atual Data de aquisição Total de empréstimos Número de chamada completo Código de barras Data de último acesso Data do preço efetivo Tipo de material Koha
        ESTA - SÃO BENTO ESTA - SÃO BENTO 30/04/2024   150 POV SEN EST00004863 30/04/2024 30/04/2024 Livros